RICS responds to marine policy statement (Record no. 82361)

MARC details
000 -LEADER
fixed length control field 00961cad a22002055a 4500
001 - CONTROL NUMBER
control field E150025
008 - FIXED-LENGTH DATA ELEMENTS--GENERAL INFORMATION
fixed length control field 100525e20100506xxk 000 0 eng d
035 ## - SYSTEM CONTROL NUMBER
System control number (Sirsi) u150025
041 0# - LANGUAGE CODE
Language code of text/sound track or separate title eng
110 2# - MAIN ENTRY--CORPORATE NAME
Corporate name or jurisdiction name as entry element Royal Institution of Chartered Surveyors
9 (RLIN) 4900
245 00 - TITLE STATEMENT
Title RICS responds to marine policy statement
Medium [electronic resource]
260 ## - PUBLICATION, DISTRIBUTION, ETC.
Date of publication, distribution, etc. 2010
490 ## - SERIES STATEMENT
Series statement RICS Press Release
Volume/sequential designation 6 May 2010
520 ## - SUMMARY, ETC.
Summary, etc. Sets out the RICS response to DEFRA's pre-consultation on the draft Marine Policy Statement (see E150024). RICS emphasised a number of key issues of relevance to the marine surveying profession and was generally supportive of this historic UK policy document.
590 ## - LOCAL NOTE (RLIN)
Local note KA
651 #4 - SUBJECT ADDED ENTRY--GEOGRAPHIC NAME
Geographic name United Kingdom
Chronological subdivision
690 ## - LOCAL SUBJECT ADDED ENTRY--TOPICAL TERM (OCLC, RLIN)
Topical term or geographic name as entry element PROPERTY-RURAL AND NATURAL ASSETS-MARINE RESOURCES-MARINE RESOURCE MANAGEMENT
856 40 - ELECTRONIC LOCATION AND ACCESS
Uniform Resource Identifier <a href="https://www.rics.org/site/scripts/news_article.aspx?newsID=1425">https://www.rics.org/site/scripts/news_article.aspx?newsID=1425</a>
Public note View the response free of charge at www.rics.org
942 ## - ADDED ENTRY ELEMENTS (KOHA)
Suppress in OPAC 0
Holdings
Withdrawn status Lost status Source of classification or shelving scheme Damaged status Not for loan Home library Current library Shelving location Date acquired Total Checkouts Full call number Barcode Date last seen Copy number Price effective from Koha item type
    Dewey Decimal Classification     Virtual Virtual Online 25/05/2010   ONLINE PUBLICATION 150025-2001 06/08/2019 1 06/08/2019 Journal article